000 00354nam a2200133Ia 4500
005 20260326235453.0
008 260326s9999||||xx |||||||||||||| ||und||
100 _aGiedion, Sigfried
245 0 _aEl Presente eterno :
_b Los comienzos de la Arquitectura /
_cSigfried Giedion
260 _bAlianza
300 _a535 p.
650 _aANTIGUEDAD
942 _cBK
999 _c7826
_d7826